| 000 | 00568nam a2200205Ia 4500 | ||
|---|---|---|---|
| 003 | OSt | ||
| 005 | 20230606205105.0 | ||
| 008 | 210423s2011 xx 000 0 und d | ||
| 040 | _cAL | ||
| 041 | _aeng | ||
| 082 |
_a158.3 _223 _bSELT |
||
| 100 |
_aSELIGMAN (L) _9120652 |
||
| 245 | _aTheories of counseling and psychotherapy | ||
| 260 |
_aNew Delhi _bPHI Learning Pvt Ltd _c2011 |
||
| 365 |
_b450 _cINR |
||
| 650 |
_aMental Process & Intelligence _9120653 |
||
| 650 |
_aPsychology _9120654 |
||
| 906 | _acounseling ; psychotherapy. ; Theories | ||
| 942 |
_2ddc _cBK |
||
| 999 |
_c175966 _d175966 |
||